Score 0/30 Timer 05:00
2 Plays Today
% Correct
Cloudy
97.7%
The Girl
97.5%
Friends
96.4%
From Russia
95.2%
Gone
95%
What's Love Got to Do
94.7%
Dances
94.6%
A Room
94.3%
Die Hard:
93.6%
Just Go
91.3%
Sleeping
89.9%
Christmas
89.4%
Fun
89.1%
The Man
88.4%
You Don't Mess
88%
% Correct
Interview
87.1%
Running
85.9%
Win a Date
85.6%
My Week
83.3%
You Can't Take It
79.9%
Flirting
79%
Riding in Cars
76.7%
Tea
73.2%
The Life Aquatic
73.1%
Fire
66.3%
Dance
65.5%
Getting Even
60.9%
Down
59.2%
Friends
57.3%
Men
49.7%
Remove Ads.
Support Sporcle.
Get the best of Sporcle when you Go Orange. This ad-free experience offers more features, more stats, and more fun while also helping to support Sporcle. Thank you for becoming a member.

You're not logged in!

Compare scores with friends on all Sporcle quizzes.
OR
Log In

Show Comments

Extras

Top Quizzes Today


Score Distribution

Your Account Isn't Verified!

In order to create a playlist on Sporcle, you need to verify the email address you used during registration. Go to your Sporcle Settings to finish the process.

Report this User

Report this user for behavior that violates our Community Guidelines.

Details: